Les 15 départements français les plus petits - Mort subite - Statistiques

Statistiques générales
  • Ce quiz a été pris 824 fois
  • Le résultat moyen est 9 sur 15
Answers on the Grid
Answers color-coded by a green-red scale on the quiz's grid according to % correct below.
Paris
Hauts-de-Seine
Seine-Saint-Denis
Val-de-Marne
Territoire-de-Belfort
Martinique
Val-d'Oise
Guadeloupe
Essonne
Yvelines
La Réunion
Rhône
Haut-Rhin
Vaucluse
Tarn-et-Garonne
Gironde
Jura
Meurthe-et-Moselle
Bouches-du-Rhône
Ardennes
Ardèche
Tarn
Alpes-Maritimes
Haute-Savoie
 
Statistiques - réponses
Réponse % Correct
Paris
86%
Territoire-de-Belfort
85%
Seine-Saint-Denis
76%
Hauts-de-Seine
72%
Val-de-Marne
69%
Val-d'Oise
69%
Guadeloupe
60%
Martinique
59%
Essonne
57%
La Réunion
56%
Yvelines
55%
Rhône
49%
Haut-Rhin
32%
Vaucluse
29%
Tarn-et-Garonne
27%
Aucun quiz correspondant
Distribution des résultats
% des personnes avec chaque résultat
Percentile par nombre de réponses
Votre historique - résultats
Vous n’avez pas pris ce quiz